MARC

LEADER 00000nam0a2200000 4500
001 106477
005 20231031114920.0
010 |a 5936305023 
035 |a (RuTPU)RU\TPU\book\114928 
090 |a 106477 
100 |a 20061208d2005 k y0rusy50 ca 
101 0 |a rus 
102 |a RU 
105 |a y l 000zy 
200 1 |a Правила охраны магистральных трубопроводов  |f Госгортехнадзор России 
210 |a СПб.  |c Деан  |d 2005 
215 |a 16 с. 
225 1 |a Безопасность труда России 
300 |a Утв. 29.04.92 г. 
610 1 |a магистральные трубопроводы 
610 1 |a опасные факторы 
610 1 |a трассы 
610 1 |a обустройство 
610 1 |a охранные зоны 
610 1 |a работы 
610 1 |a организация 
610 1 |a производство 
610 1 |a правила 
675 |a 621.643(083.13)  |v 3 
712 0 1 |a Российская Федерация  |b Федеральный горный и промышленный надзор России (Госгортехнадзор России)  |c (1992-2004)  |2 stltpush  |3 (RuTPU)RU\TPU\col\7022 
801 1 |a RU  |b 63413507  |c 20061208  |g PSBO 
801 2 |a RU  |b 63413507  |c 20081230  |g PSBO 
942 |c BK